| 000 | 01331aaa a2200253 a 4500 | ||
|---|---|---|---|
| 003 | BLK | ||
| 005 | 20240724095235.0 | ||
| 007 | ta | ||
| 008 | 221104b bu |||||r|||| 00| | bu d | ||
| 040 | _aBLK | ||
| 041 |
_aBUL _cBUL |
||
| 080 |
_aПериод на кризата на феодализма, зараждане на капиталистически отношения. Възраждане на българския народ (II пол. на ХVIII в. - 1878 г.) _b94(497.2)"1750/1878" _z94(497.2)"1750/1878" |
||
| 080 |
_aОсмански държавник _b929 Мидхат паша, Ахмед Шефик _z929 Мидхат паша, Ахмед Шефик |
||
| 100 | 1 |
_953203 _aГеоргиева, Нели |
|
| 245 |
_aВилаетската печатница на Мидхат паша в Русе - първата българска печатница преди Освобождението _cНели Георгиева. |
||
| 300 | _a1994, № 40, с. 3 | ||
| 600 | 1 | 4 |
_aМидхат паша, Ахмед Шефик _d1822-1884 _995276 |
| 653 |
_9190965 _aМидхат паша |
||
| 653 |
_9185588 _aДунавски вилает |
||
| 773 | 0 |
_tРУСЕ 7 _w295636 _xC603-6066 _dРусе-С 1990 _i. // |
|
| 856 |
_i0.00 _ldisable |
||
| 942 |
_2udc _cSTA _n0 |
||
| 944 |
_cРусанова Ирена _k30542 _lРусанова Ирена |
||
| 999 |
_c513895 _d513895 |
||